000 00313nam a2200133Ia 4500
008 240624s9999 xx 000 0 und d
041 _aeng
082 _a894.46 BAP
100 _aBAPAT B G
245 _aVINOBA MARATHI
260 _c2013
_aPune
_bRajhans Prakashan
300 _a248 p.; 32 cm.
365 _cRS
_b25
999 _c30397
_d30397